00340nam a2200145Ia 4500003000900000008004100009040001300050040001300063245005900076245001100135250001100146260002300157300000800180490000600188IT-RoPAU120407s9999 xx 000 0 und d aIT-RoPAU cIT-RoPAU aVida, clamor y esperienza aportes desde America Latina cAA.VV. aMadrid aEdiciones Paulinas c cm v1